|
|
|
|
| LEADER |
01114nam a2200253 a 4500 |
| 001 |
GR-Patra26440 |
| 003 |
GR-PaULI |
| 005 |
20240222112119.0 |
| 008 |
040318s2005 mau b 001 b eng d |
| 020 |
|
|
|a 0073204161
|
| 040 |
|
|
|a GR-PaULI
|b gre
|c GR-PaULI
|e AACR2
|
| 082 |
0 |
4 |
|a 511.5
|2 23
|
| 100 |
1 |
|
|a Chartrand, Gary
|e συγγραφέας.
|9 40638
|
| 245 |
1 |
0 |
|a Introduction to graph theory /
|c Gary Chartrand, Ping Zhang.
|
| 260 |
|
|
|a Boston :
|b McGraw-Hill Higher Education,
|c c2005.
|
| 300 |
|
|
|a xii, 449 σ. :
|b εικ. ;
|c 24 εκ.
|
| 490 |
1 |
|
|a The Walter Rudin student series in advanced mathematics
|
| 504 |
|
|
|a Περιλαμβάνει βιβλιογραφίες και ευρετήρια.
|
| 650 |
|
4 |
|a Θεωρία γραφημάτων
|9 1185
|
| 700 |
1 |
|
|a Zhang, Ping,
|d 1957-
|9 202168
|e συγγραφέας.
|
| 830 |
|
0 |
|a Walter Rudin student series in advanced mathematics
|9 202167
|
| 942 |
|
|
|2 ddc
|c BK
|
| 952 |
|
|
|0 0
|1 0
|2 ddc
|4 0
|6 511_500000000000000_CHA
|7 0
|9 308778
|a LISP
|b LISP
|c BSC
|d 2021-01-17
|e
|f
|i 42429
|l 0
|o 511.5 CHA
|p 0250003076440
|r 2021-01-17 00:00:00
|t 1
|w 0000-00-00
|y BK15
|x
|x
|
| 999 |
|
|
|c 177896
|d 177896
|